00386nam a2200133 a 450000100100000000500170001000800410002704000250006808200140009310000190010724500510012626000480017730000270022500003133620200930062847.0110620s19uu dr a 000 0 spa d aDO-SdBNPbspacBNPHU axxxbP2521 aParks, Gabe C.10aConferencias de periodísmo /cGabe C. Parks. aSanto Domingo :bEditorial Stella,c[s.f.]. a40 p. :bil. ;c21 cm.